000 00993nam a2200241 i 4500
001 84562
003 ES-MaACL
005 20231227062628.0
007 t|
008 151030s1944 sp ||||1| spa d
245 0 0 _aDoctrina cristiana en lengua española y mexicana por los religiosos de la Orden de Santo Domingo /
_c[prólogo : Los incunables americanos, por don Ramón Menéndez Pidal].
260 _aMadrid :
_bCultura Hispánica,
_c1944.
300 _a5 part. en 1 v. ;
_c28 cm.
490 1 _aColección de incunables americanos. Siglo XVI ;
_v1
534 _pReprod. facsímil de la ed. de:
_cMéxico : Juan Pablos, 1548.
650 4 _aTeología dogmática-
_vObras anteriores a 1800.
_9161482
650 4 _aCatecismos-
_yS.XVI.
_9156798
650 4 _aIncunables-
_zMéxico.
_9158047
700 1 _aMenéndez Pidal, Ramón,
_d1869-1968
_980315
830 1 _aColección de incunables americanos. Siglo XVI ;
_v1
_9184950
852 _aES-MaACL
_jB-13814
999 _c84562
_d84562